Neizvestnyi D. S. Lichačev. : (Titelsatznr. 18693)
[ MARC ]
| 000 -Satzkennung | |
|---|---|
| Kontrollfeld mit fester Länge | 00610nam a22001811c 4500 |
| 001 - Kontrollnummer | |
| Kontrollfeld | a987657618 |
| 008 - Feld mit fester Länge zur physischen Beschreibung - Allgemeine Angaben | |
| Kontrollfeld mit fester Länge | 070706s2006 gw |||| 000u rus d |
| 041 ## - Sprachcode | |
| Sprachcode des Textes/der Tonspur oder des separaten Titels | rus |
| 040 ## - Katalogisierungsquelle | |
| Übertragungsstelle | RU-10907106 |
| 003 - Kontrollnummer Identifier | |
| Kontrollfeld | RU-10907106 |
| 245 00 - Titel | |
| Titel | Neizvestnyi D. S. Lichačev. : |
| Zusatz zum Titel | Neopublikovannye materialy iz archiva Rossijskogo Fonda Kultury : K 100-letiju so dnja roždenija Dmitrija Sergeeviča Lichačeva |
| 246 10 - Titelvarianten | |
| Hauptsachtitel/Kurztitel | Neizvestnyj Lichačev |
| 264 ## - Produktion, Veröffentlichung, Distribution, Herstellung und Urheberrechtsvermerk | |
| Herstellungs-, Veröffentlichungs- Vertriebs-, Erzeugungsort | Moskva : |
| Produzent, Herausgeber, Distributor, Hersteller | Rossijsskij fond kultury, |
| Datum der Herstellung, der Veröffentlichung, des Vertriebs oder des Urheberschutzvermerks | 2006 |
| 300 ## - Physische Beschreibung | |
| Umfang | 287 S. |
| 650 #0 - Nebeneintragung unter einem Schlagwort - Sachschlagwort | |
| Sachschlagwort oder geografischer Name als Eintragungselement | Lichačev, Dmitrij S. |
| 700 1# - Nebeneintragung - Personenname | |
| Personenname | Arinštejn, Leonid M. |
| Funktionsbezeichnung | HerausgeberIn |
| 942 ## - Zusätzliche Felder (Koha) | |
| Koha-Medientyp | Monographien |
| Ausgeschieden | Verloren | Klassifikation oder Aufstellungssystematik | Beschädigt | Nicht entleihbar | Heimatbibliothek | Aufenthaltsbibliothek | Aufstellungsort | Erwerbungsdatum | Inventarnummer | Signatur | Barcode | Letzte Aktivität | Preis gültig von | Koha-Medientyp |
|---|---|---|---|---|---|---|---|---|---|---|---|---|---|---|
| Andere/Generische Klassifikation | MWN Osteuropa | MWN Osteuropa | Lesesaal | 06/07/2007 | 07-03949 | G 40 eR Lich | E004015073EB6820 | 23/02/2021 | 22/03/2021 | Monographien |